000 00636nam a2200193Ia 4500
005 20250508154736.0
008 008 250505s9999 xx 000 0 eng d
037 _aTextual
040 _aFEDL
_beng
_cFEDL
041 _aeng
_2eng
084 _a379.111, UNE
_qFEDL
100 _aHarbison F
245 0 _aEducational planning and human resource development
245 0 _cUnesco: International Institute for Educational Planning (Paris France)
260 _aParis, France
_bUNESCO: International Institute for Education Planning
_c1967
300 _a34p
942 _cTEXL
_h379.111, UNE
999 _c1351916
_d1351916